| 000 | 00614nmm a2200205Ia 4500 | ||
|---|---|---|---|
| 008 | 251105s9999||||xx |||||||||||||||||und|| | ||
| 020 | _a9788481027051 | ||
| 041 | _aeng | ||
| 100 | _aPalonen, Kari | ||
| 245 | 4 | _aThe politics of dissensus: parliament in debate | |
| 264 |
_a[Madrid, España] : _bEdiciones Universidad de Cantabria, _c2014 |
||
| 300 | _a520 páginas | ||
| 490 | _aCUP | ||
| 650 | _aPolitical Science (General) | ||
| 700 | _aPalonen, Kari | ||
| 700 | 1 | _a Rosales, Jose María | |
| 700 | 1 | _a Turkka, Tapani (eds.) | |
| 856 | _uhttps://public.digitaliapublishing.com/a/47306 | ||
| 942 | _cCF | ||
| 999 |
_c69695 _d69695 |
||